|
|
|
|
| LEADER |
00000nam0a2200000 4500 |
| 001 |
110273 |
| 005 |
20231031120419.0 |
| 010 |
|
|
|a 5750706230
|
| 020 |
|
|
|a RU
|b 91-26945
|
| 035 |
|
|
|a (RuTPU)RU\TPU\book\119086
|
| 035 |
|
|
|a RU\TPU\book\85771
|
| 090 |
|
|
|a 110273
|
| 100 |
|
|
|a 20070221d1991 m y0rusy5003 ca
|
| 101 |
1 |
|
|a rus
|c tus
|
| 102 |
|
|
|a RU
|
| 105 |
|
|
|a y z 000ay
|
| 200 |
1 |
|
|a Птичка певчая
|e роман
|g пер. с тур.
|f Р. Н. Гюнтекин
|
| 210 |
|
|
|a Ростов-на-Дону
|c Изд-во Ростовского ун-та
|d 1991
|
| 215 |
|
|
|a 384 с.
|
| 610 |
1 |
|
|a 20 век
|
| 610 |
1 |
|
|a Турция
|
| 610 |
1 |
|
|a женщины
|
| 610 |
1 |
|
|a семья
|
| 675 |
|
|
|a 894.35
|z rus
|
| 700 |
|
1 |
|a Гюнтекин
|b Р. Н.
|g Решад Нури
|
| 801 |
|
0 |
|a RU
|b RuMRKP
|c 19950417
|g psbo
|
| 801 |
|
1 |
|a RU
|b 63413507
|c 20050826
|g PSBO
|
| 801 |
|
2 |
|a RU
|b 63413507
|c 20070404
|g PSBO
|
| 942 |
|
|
|c BK
|